00638nam a2200157 a 4500008004100000020001800041050001600059100002100075245006400096260004000160350000900200650002600209995009600235999001700331952013200348151202s2001 ||||||||||||||||| || u a9780471283492 aHF 5635 Jia aJiambalvo, James10aManagerial accounting: solutions manualcBy James Jiambalvo aNew YorkbJohn Wiley and Sonsc2001 a0.03 0aMANAGERIAL ACCOUNTING FCBU-MAIN LIBRARY (Kitwe)I0.03UAVAILABLEWDec 2, 2015ZMain Library Open Access Collection c50056d50056 00102lcc4070a001b001cMain Library Open Access Collectiond2022-11-30l0oHF 5635 Jiap745882r2022-11-30w2022-11-30y002